000 00959cam a2200265 4500
001 5606
005 20181127175850.0
010 _a 2014347797
020 _a019808966X
020 _a9780198089667
037 _aLibrary of Congress -- New Delhi Overseas Office
100 1 _aChaudhuri, Rosinka,
_eauthor.
245 1 4 _aThe literary thing :
_bhistory, poetry, and the making of a modern culture sphere /
_cRosinka Chaudhuri.
264 1 _aNew Delhi :
_bOxford University Press,
_c2014.
300 _alxvi, 332 pages ;
_c23 cm
336 _atext
_btxt
_2rdacontent
337 _aunmediated
_bn
_2rdamedia
338 _avolume
_bnc
_2rdacarrier
504 _aIncludes bibliographical references and index.
650 0 _aBengali literature
_y19th century
_xHistory and criticism.
650 0 _aBengali poetry
_y19th century
_xHistory and criticism.
650 0 _aCulture in literature.
650 0 _aHistory in literature.
650 0 _aNationalism in literature.
999 _c4725
_d4725